[Event "13th 4NCL Congress"]
[Site "Wakefield"]
[Date "2017.04.09"]
[Round "5"]
[Board "12"]
[White "Jaszkiwskyj, Peter"]
[Black "Wynarczyk, Raymond"]
[Result "1/2-1/2"]
[WhiteElo "1976"]
[BlackElo "1932"]
[PlyCount "118"]
[EventDate "2017.04.07"]
[EventRounds "5"]
[EventCountry "ENG"]

1. d4 d5 2. c4 Nc6 3. e3 e5 4. Nf3 Bg4 5. Be2 Bb4+ 6. Nc3 exd4 7. exd4 dxc4 8.
d5 Bxf3 9. Bxf3 Qe7+ 10. Be3 Ne5 11. Qa4+ Qd7 12. Qxd7+ Kxd7 13. Be2 Nf6 14.
O-O-O Rhe8 15. h3 Bxc3 16. bxc3 Nd3+ 17. Bxd3 cxd3 18. Rxd3 b5 19. Kc2 Ne4 20.
Rb1 Nd6 21. Rb4 Re4 22. Rxe4 Nxe4 23. Kb3 a5 24. a4 Rb8 25. f3 Nd6 26. Bf4
bxa4+ 27. Kxa4 Nc4 28. Rd4 Nb6+ 29. Kxa5 Ra8+ 30. Kb5 Ra2 31. d6 Rb2+ 32. Kc5
c6 33. Rb4 Rxb4 34. cxb4 Na4+ 35. Kd4 Nb6 36. Bh2 f6 37. g4 g6 38. Bg3 Na4 39.
Bh4 Kxd6 40. Bxf6 Nb6 41. Be5+ Ke6 42. Bg3 Nd7 43. Bc7 Nf6 44. Kc5 Kd7 45. Bg3
Ng8 46. Bd6 Nh6 47. f4 Nf7 48. Bb8 Nd8 49. f5 gxf5 50. gxf5 Nf7 51. Bf4 Nd8 52.
Kd4 Nf7 53. h4 Kd8 54. f6 Kd7 55. Ke4 Ke6 56. Kd4 Kd7 57. Kc5 Nd8 58. Bg5 Ne6+
59. Kc4 Nd8 1/2-1/2

[Event "13th 4NCL Congress"]
[Site "Wakefield"]
[Date "2017.04.09"]
[Round "5"]
[Board "13"]
[White "Vickery, Jim E"]
[Black "Patrick, David A"]
[Result "1/2-1/2"]
[WhiteElo "1963"]
[BlackElo "1883"]
[PlyCount "24"]
[EventDate "2017.04.07"]
[EventRounds "5"]
[EventCountry "ENG"]

1. d4 d5 2. Nf3 Nf6 3. c4 c6 4. cxd5 cxd5 5. Nc3 Nc6 6. Bf4 Qb6 7. a3 e6 8. e3
a6 9. Bd3 Be7 10. h3 Bd7 11. O-O Rc8 12. Na4 Qa7 1/2-1/2

[Event "13th 4NCL Congress"]
[Site "Wakefield"]
[Date "2017.04.09"]
[Round "5"]
[Board "14"]
[White "Gardiner, Eric D"]
[Black "Price, Gwilym T"]
[Result "1/2-1/2"]
[WhiteElo "1941"]
[BlackElo "1758"]
[PlyCount "66"]
[EventDate "2017.04.07"]
[EventRounds "5"]
[EventCountry "ENG"]

1. d4 Nf6 2. Bg5 g6 3. Bxf6 exf6 4. c4 Bg7 5. Nc3 d6 6. e3 O-O 7. Nge2 Re8 8.
g3 c6 9. Bg2 f5 10. O-O Nd7 11. Qd3 Qe7 12. b4 Nf6 13. b5 Ne4 14. Rab1 h5 15.
h4 Bh6 16. Nf4 Bg7 17. a4 Nxc3 18. Qxc3 Qc7 19. a5 Bd7 20. Qb4 Bf8 21. bxc6
bxc6 22. Qb7 Rac8 23. Rb3 Be7 24. Rfb1 Kg7 25. Qa6 Ra8 26. Qb7 Rac8 27. Nd3 Be6
28. d5 cxd5 29. cxd5 Bd7 30. Qa6 Ra8 31. Rc1 Qd8 32. Qb7 a6 33. Qc7 Bb5 1/2-1/2

[Event "13th 4NCL Congress"]
[Site "Wakefield"]
[Date "2017.04.09"]
[Round "5"]
[Board "15"]
[White "Sheppard, Derek A"]
[Black "Bielby, Paul R"]
[Result "0-1"]
[WhiteElo "1831"]
[BlackElo "1939"]
[PlyCount "62"]
[EventDate "2017.04.07"]
[EventRounds "5"]
[EventCountry "ENG"]

1. d4 Nf6 2. Nf3 d5 3. c4 e6 4. cxd5 exd5 5. Nc3 Bb4 6. Qb3 Bxc3+ 7. bxc3 O-O
8. Bg5 Nbd7 9. e3 h6 10. Bh4 c6 11. c4 Qa5+ 12. Nd2 Ne4 13. Qc2 Ndf6 14. Bxf6
Nxf6 15. Bd3 dxc4 16. Bxc4 Bf5 17. Bd3 Bxd3 18. Qxd3 Rfe8 19. O-O Rad8 20. Nb3
Qh5 21. Qd1 Qh4 22. Qf3 Ne4 23. g3 Ng5 24. Qg2 Qh5 25. Rac1 Rd5 26. Rc5 Rxc5
27. Nxc5 Nf3+ 28. Kh1 b6 29. Nd3 Qd5 30. Nb4 Qc4 31. Qxf3 Qxf1# 0-1

[Event "13th 4NCL Congress"]
[Site "Wakefield"]
[Date "2017.04.09"]
[Round "5"]
[Board "16"]
[White "Modi, Shyam Jagdish"]
[Black "Simpson, Derek"]
[Result "0-1"]
[WhiteElo "1934"]
[BlackElo "1621"]
[PlyCount "126"]
[EventDate "2017.04.07"]
[EventRounds "5"]
[EventCountry "ENG"]

1. d4 e6 2. e4 d5 3. Nc3 dxe4 4. Nxe4 Nd7 5. Nf3 Ngf6 6. Bd3 Nxe4 7. Bxe4 Nf6
8. Bd3 c5 9. Be3 Qc7 10. Qe2 a6 11. O-O b5 12. dxc5 Bxc5 13. Bxb5+ axb5 14.
Qxb5+ Nd7 15. Bxc5 Qxc5 16. Qxc5 Nxc5 17. b4 Na4 18. c4 Bb7 19. Nd4 Ke7 20. c5
Rac8 21. Rac1 Rhd8 22. Rfd1 e5 23. Nf5+ Ke6 24. Nd6 Rc7 25. Nxb7 Rxd1+ 26. Rxd1
Rxb7 27. Rd6+ Ke7 28. a3 Nxc5 29. Rd5 Nd7 30. Kf1 Ra7 31. Rd3 Nb6 32. Rc3 Na4
33. Rb3 Kd6 34. Ke2 Kc6 35. Kd3 Kd5 36. f3 Rc7 37. Kd2 Rc4 38. h3 f5 39. g3
Rd4+ 40. Rd3 Kc4 41. Rxd4+ Kxd4 42. g4 g6 43. Ke2 f4 44. h4 h6 45. Kd2 e4 46.
fxe4 Kxe4 47. Ke2 f3+ 48. Kf2 Kf4 49. g5 h5 50. b5 Nb6 51. a4 Nxa4 52. Kg1 Kg3
53. b6 Nxb6 54. Kh1 Kxh4 55. Kg1 Kg3 56. Kh1 Kf2 57. Kh2 Kf1 58. Kh1 f2 59. Kh2
Ke1 60. Kg3 f1=Q 61. Kh2 Qd3 62. Kg1 Nd5 63. Kh1 Nf4 0-1

[Event "13th 4NCL Congress"]
[Site "Wakefield"]
[Date "2017.04.09"]
[Round "5"]
[Board "17"]
[White "Towers, Brian"]
[Black "Slinger, Aj (tony)"]
[Result "1/2-1/2"]
[WhiteElo "1783"]
[BlackElo "1910"]
[PlyCount "61"]
[EventDate "2017.04.07"]
[EventRounds "5"]
[EventCountry "ENG"]

1. d4 Nf6 2. Bf4 g6 3. Nc3 Bg7 4. e4 d6 5. Qd2 a6 6. O-O-O b5 7. Bd3 Bb7 8. f3
Nbd7 9. e5 Nd5 10. Nxd5 Bxd5 11. Bh6 Kf8 12. Bxg7+ Kxg7 13. Be4 Nb6 14. h4 h6
15. Bxd5 Nxd5 16. f4 e6 17. Nf3 b4 18. h5 Rb8 19. g4 Qd7 20. g5 Qa4 21. gxh6+
Rxh6 22. f5 exf5 23. hxg6 Rbh8 24. Rxh6 Rxh6 25. gxf7 Rg6 26. Nh4 Qxa2 27.
Nxf5+ Kxf7 28. Qf2 Ke6 29. exd6 Qa1+ 30. Kd2 Qxb2 31. dxc7 1/2-1/2

[Event "13th 4NCL Congress"]
[Site "Wakefield"]
[Date "2017.04.09"]
[Round "5"]
[Board "18"]
[White "Adams, Mark A"]
[Black "Johnson, Paul A"]
[Result "1/2-1/2"]
[WhiteElo "1977"]
[BlackElo "1871"]
[PlyCount "58"]
[EventDate "2017.04.07"]
[EventRounds "5"]
[EventCountry "ENG"]

1. e4 e5 2. Nf3 Nc6 3. Nc3 Nf6 4. d4 exd4 5. Nxd4 Bc5 6. Nxc6 bxc6 7. Bd3 d5 8.
exd5 cxd5 9. O-O O-O 10. Bg5 c6 11. Qf3 Be7 12. h3 Be6 13. Ne2 Rb8 14. b3 Qd7
15. Rfd1 Rfd8 16. Nd4 c5 17. Nf5 Bxf5 18. Bxf5 Qb7 19. Re1 h6 20. Bf4 Bd6 21.
Bxd6 Rxd6 22. Bd3 Rdd8 23. Re5 Re8 24. Rae1 Rxe5 25. Rxe5 Re8 26. Rxe8+ Nxe8
27. c4 Nf6 28. cxd5 Qxd5 29. Qe2 Kf8 1/2-1/2

[Event "13th 4NCL Congress"]
[Site "Wakefield"]
[Date "2017.04.09"]
[Round "5"]
[Board "19"]
[White "Hilton, Tim"]
[Black "Bimpson, Tom"]
[Result "0-1"]
[WhiteElo "1816"]
[BlackElo "2060"]
[PlyCount "114"]
[EventDate "2017.04.07"]
[EventRounds "5"]
[EventCountry "ENG"]

1. c4 d6 2. g3 e5 3. Bg2 f5 4. d4 e4 5. Nc3 c6 6. Nh3 Be7 7. O-O Nf6 8. b3 d5
9. Bg5 O-O 10. e3 Na6 11. Nf4 Nc7 12. h4 Ne6 13. Bxf6 Bxf6 14. Nce2 Nc7 15. Rc1
Be6 16. Qc2 Rc8 17. Bh3 Be7 18. Qc3 a6 19. Qa5 Bxh4 20. cxd5 Bxd5 21. Nxd5 Nxd5
22. Qxd8 Bxd8 23. a3 Be7 24. b4 Bd6 25. Nc3 Rce8 26. Nxd5 cxd5 27. Rc3 g6 28.
Rfc1 Kf7 29. Bf1 Ke6 30. b5 axb5 31. Bxb5 Rd8 32. a4 g5 33. Kg2 h6 34. Rh1 Rf6
35. f3 Rdf8 36. f4 Rg8 37. Kf2 Rfg6 38. Bf1 Ke7 39. Bh3 Kf6 40. Bf1 Ke6 41. Bh3
h5 42. Bf1 h4 43. gxh4 gxf4 44. exf4 Bxf4 45. h5 Rg3 46. Rxg3 Bxg3+ 47. Ke2 Rh8
48. Rg1 f4 49. Bh3+ Kf6 50. Bg4 Kg5 51. Be6 Rxh5 52. Bxd5 Rh2+ 53. Kd1 e3 54.
Rg2 Rh1+ 55. Ke2 Ra1 56. Bxb7 Rxa4 57. d5 Ra2+ 0-1